Effective Employee Motivation in the Wokrplace

Guardado en:
Detalles Bibliográficos
Autor principal: Matkovčíková, Natália, 1982-
Formato: Capítulo de libro
Lenguaje:inglés
Materias:
Etiquetas: Agregar Etiqueta
Sin Etiquetas, Sea el primero en etiquetar este registro!

MARC

LEADER 00000naa$a2200000$$$4500
001 0185615
005 20240502083437.5
041 0 |a eng 
044 |a CZ 
245 1 0 |a Effective Employee Motivation in the Wokrplace  |c Natália Matkovčíková 
610 2 0 |a motivácia pracovná 
610 2 0 |a zamestnanci 
610 2 0 |a riadenie ľudských zdrojov 
610 2 0 |a manažment personálny 
610 2 0 |a pracovisko 
610 2 0 |a produktivita práce 
100 1 |a Matkovčíková, Natália, 1982-